| 000 | 00604nam a2200181 i 4500 | ||
|---|---|---|---|
| 001 | 140118 | ||
| 003 | ES-MaACL | ||
| 005 | 20230906200017.0 | ||
| 007 | t| | ||
| 008 | 070214s1967 sp r ||||1| spa d | ||
| 100 | 1 |
_aSchueller-Piroli, Susanne. _9104744 |
|
| 245 | 1 | 4 |
_aLos Borgia _b: leyenda e historia de una familia / _cSusanne Schueller-Piroli ; versión de Antonio Pensado Tomé. |
| 260 |
_aBarcelona : _bLuis de Caralt, _c1967. |
||
| 300 |
_a486 p., 16 lám. ; _c22 cm. |
||
| 600 | 3 | 4 |
_aBorgia (Familia) _930482 |
| 700 | 1 |
_aPensado Tomé, Antonio. _990191 |
|
| 852 |
_aES-MaACL _jG-5549 _bR.65217 |
||
| 999 |
_c140118 _d140118 |
||